| 000 | 00000nam 2200000za 4500 |
| 001 | 9.835888 |
| 003 | CaOODSP |
| 005 | 20221107150753 |
| 007 | cr ||||||||||| |
| 008 | 170825s2017 onca o f000 0 eng d |
| 020 | |a978-0-660-08433-6 |
| 040 | |aCaOODSP|beng |
| 041 | |aeng |
| 041 | |afre |
| 043 | |an-cn--- |
| 086 | 1 |aA72-139/2017-PDF |
| 110 | 1 |aCanada. |bAgriculture and Agri-Food Canada. |
| 245 | 10|aDairy Processing Investment Fund |h[electronic resource] : |bhelping the sector adapt to market changes = Fonds d’investissement dans la transformation des produits laitiers : aider l'industrie à s'adapter aux conditions du marché. |
| 246 | 31|aFonds d’investissement dans la transformation des produits laitiers : |baider l'industrie à s'adapter aux conditions du marché |
| 260 | |a[Ottawa] : |bAgriculture and Agri-Food Canada, |cc2017. |
| 300 | |a[2] p. : |bcol. ill. |
| 500 | |aCaption titles. |
| 520 | |a“What is the Dairy Processing Investment Fund? It is a program that provides funding to dairy processors for investments that will improve productivity and competitiveness, and help prepare them for the implementation of the Canada - European Union Comprehensive Economic and Trade Agreement (CETA)"--P. [1]. |
| 546 | |aText in English and French on alternate pages. |
| 692 | 07|2gccst|aDairy industry |
| 692 | 07|2gccst|aAgricultural assistance |
| 792 | |tDairy Processing Investment Fund |efre|w(CaOODSP)9.835889 |
| 856 | 40|qPDF|s579 KB|uhttps://publications.gc.ca/collections/collection_2017/aac-aafc/A72-139-2017.pdf |
| 986 | |a12619B |